00602nam a2200193Ia 4500003000900000008004100009040001600050080002000066245011600086260003700202300001000239650001400249650004300263650001700306650001600323700002300339700002300362700002300385IN-BaIIA211028s9999 xx 000 0 eng d cIIA Library a047.1:52bARA-2 0aAnnual reviews of astronomy and astrophysicsbvol. 2cedited by Leo Goldberg, Armin J. Deutsch and David Layzer aCaliforniabAnnual Reviewsc1963 a418p. aAstronomy aAstronomy and Astrophysics Thesaurus  aAstrophysics aPeriodicals aDeustsch, Armin J. aGoldberg, Leo, ed. aLayzer, David, ed.